Antiques roadshow : your guide to antiques
| Format: | Book |
|---|---|
| Published: |
London :
BBC Books ,
1991
|
| Subjects: |
MARC
| LEADER | 00000cam a2200000 7i4500 | ||
|---|---|---|---|
| 001 | 0000004252 | ||
| 002 | 000004571 | ||
| 005 | 20000330.0 | ||
| 020 | |a 0563363150 | ||
| 090 | 0 | 0 | |a 745.1 |b ANT |
| 245 | 0 | 0 | |a Antiques roadshow : |b your guide to antiques |c by the BBC Team & Experts |
| 260 | |a London : |b BBC Books , |c 1991 | ||
| 300 | |a 192p. : |b ill ; |c 29cm. | ||
| 650 | 0 | 0 | |a Antiques |z Britain |
| 999 | |a 031396 |b BUKU |c PINJAMAN |e PERPUSTAKAAN KOMUNITI PETALING JAYA | ||